MDQL
is popping MORE tags! Check the
thread
!
Quizzes
Events
Quiz Creation
Community
Videos
Private Events
Remove Ads
Sign In
Join for FREE
Feedback
Dark Mode
Quiz Categories
Sports
Geography
Music
Movies
Television
Just For Fun
Miscellaneous
History
Literature
Language
Science
Gaming
Entertainment
Religion
Holiday
For Kids
Quiz Lab
Recent
Popular Today
Quiz Kudos Today
Editor Picks
Curator Picks
Quizzes by...
Day
Popularity
Type
Ratings
Length
Year
Community
Subscriptions
Recent Discussions
Orange Saloon
Badges
Playlists
Quests
Create
Leaderboards
Showdown
Live 5
Trivia Bingo
Activity
Puzzle Library
Sporcle Events
Private Events
Virtual Trivia
Globe League
Become a Host
Pub Owners
SporcleCon
Opinionation
Our Games
Videos
Blog
Mobile Apps
Partnerships
Remove Ads and Go Orange
Feedback
Television
TV Characters
TV Show
Sitcom
Network
Friends
Reality Shows
Cast
South Park
Star Trek
The Simpsons
Doctor Who
Television
TV Characters
TV Show
Sitcom
Network
Friends
Reality Shows
Cast
South Park
Star Trek
The Simpsons
Doctor Who
Random Quiz
Search Sporcle
×
Quiz Lab
Quiz Lab
Television
Character
Type in answers that appear in a list
Type in answers that appear in a list
Classic
Best Score? Go Orange.
Make It or Break It Characters by Number of Episodes Stats
Can you name the Make It or Break It Characters by Number of Episodes?
By
orarewedancer
7m
31 Questions
445 Plays
445 Plays
445 Plays
Comments
Comments
Give Quiz Kudos
Give Quiz Kudos
-
- Ratings
hide this ad
Replay
Link that replays current quiz
Next Quiz
Link to next quiz in quiz playlist
You Got
0%
They Got
Avg Score
57%
Avg Friend Score
Upgrade to see
Score Distribution
Jump to the score distribution portion of the page
Score
0/31
Timer
07:00
0
Plays Today
Episodes
Character
% Correct
37 episodes
Lauren Tanner
95.1%
38 episodes
Payson Keeler
94.4%
37 episodes
Kaylie Cruz
93%
37 episodes
Emily Kmetko
91%
30 episodes
Sasha Beloff
88.3%
38 episodes
Kim Keeler
86.5%
28 episodes
Steve Tanner
85.6%
12 episodes
Kelly Parker
83.6%
35 episodes
Chloe Kmetko
81.3%
6 episodes
Marty Walsh
79.8%
19 episodes
Ronnie Cruz
73.5%
16 episodes
Alex Cruz
71%
37 episodes
Summer Van Horne
66.7%
10 episodes
Austin Tucker
61.1%
28 episodes
Carter Anderson
60%
20 episodes
Damon Young
59.1%
Episodes
Character
% Correct
10 episodes
Becca Keeler
58%
8 episodes
Ellen Beals
56.2%
8 episodes
Razor
55.5%
12 episodes
Mark Keeler
53%
15 episodes
Brian Kmetko
46.1%
3 episodes
Max
45.4%
6 episodes
Nicky Russo
41.3%
6 episodes
Leo Cruz
30.8%
4 episodes
Darby Conrad
30.1%
6 episodes
MJ
22.5%
2 episodes
Tessa Grande
22.2%
3 episodes
Maeve
14.8%
2 episodes
Genghi Cho
12.1%
3 episodes
Heather
10.3%
3 episodes
Ike Benzinger
9.7%
Quiz Playlist
Details
Report
Send in Message
Add To Playlist
Classic:
Type in answers that appear in a list
Last Updated: Feb 16, 2017
Quiz Scoreboard
CHALLENGE
Sign Up to Join the Scoreboard
Show All
Scores
Hide
Comments
May contain spoilers
Recently Published
Two Season TV Shows II
by 123Four
Television
10m
Image Sorting: Flags VI
by Barbecue
Geography
2m
Find the 'City' Movie
by crazypaving
Movies
60s
More to Explore
Quiz From the Vault
Featured Blog Post
14 Easter Pick-up Lines to Find Eggs With
hide this ad
You Might Also Like...
Tags
break
Character
episode
Today's Top Quizzes in Television
Browse Television
hide this ad
Today's Top Quizzes in Character
Browse Character
Top Contributed Quizzes in Television
1
Survivor Journey Challenge
2
Adjectives in 00s TV Shows
3
Brooklyn Nine Nine Logic Puzzle (How-To-Play)
4
Even More Two Season TV Shows
5
Total Drama Characters
6
Survivor Logic Puzzle: Heroes vs. Villains
7
Adjectives in 10s TV Shows
8
Survivor Heroes vs. Villains Logic Puzzle
9
Phoebe Buffay Quotes
10
Survivor Seasons
Explore More
Trending Topics
NBA
Anime
Disney
Marvel
Crossword
Harry Potter
Kpop
Soccer
WWE
Puzzle
Pokémon
Country
The Office
Song
NFL
hide this ad
More By:
orarewedancer
Quiz
Plays
Rating
Category
Featured
Created
Make It or Break It Characters by Number of Episodes
445
5.00
Television
May 12, 2011
Go to Creator's Profile
Score Distribution
Quiz Creator Spotlight
orarewedancer
Follow
Send a Message
Quizzes Created
-
Created Quiz Play Count
-
More By This Creator
Popular Quizzes Today
1
Find the US States - No Outlines Minefield
2
Colored Red Africa Blitz
3
Find the 'City' Movie
4
5x2 Blitz: Bands
5
The Countries of the World
6
Find the Countries of Europe - No Outlines Minefield
7
Find the US States
8
US States
More Television Quizzes
Bob's Burgers Stores Next Door
Editor's Pick
Trending Quizzes
Colored Red Europe Blitz I
Colored Red Africa Blitz II
Colored Red Europe Blitz II
Colored Red Africa Blitz III
Even More Two Season TV Shows
Recently Updated
March Madness Men's Triple Doubles
pecheneg
How Do You Spell That?
pecheneg
Godzilla Movies
pecheneg
Grab Bag: 4-10 Letters
pecheneg
2024 March Madness Bracket
pecheneg
Famous TV Couples
Peacemaker
Champions League XIs: Real Madrid
pecheneg
Largest US Cities 1790-2010
pecheneg
Rides in Walt Disney World
pecheneg
Most Oscar Losses (Acting)
pecheneg
Trending Topics
Anime
Marvel
Harry Potter
NBA
Crossword
Kpop
Disney
Song
WWE
Country
NFL
Soccer
Puzzle
The Office
Pokémon
Your Account Isn't Verified!
In order to create a playlist on Sporcle, you need to verify the email address you used during registration. Go to your
Sporcle Settings
to finish the process.
Report this User
Report this user for behavior that violates our
Community Guidelines
.
Details:
Send Report
Go to the Sporcle.com Mobile Site →
Comments